000 00650nam a22002055a 4500
003 CO-ViMGA
005 20230915225024.0
008 111215s2011 ck ao gr 000 0dspa d
020 _a9789587582376
040 _aCO-ViMGA
_bspa
_cCO-ViMGA
082 0 4 _a781.64
_bB35s
_221
100 1 _aBellón, Manolo,
_d1949-
_9246
245 1 0 _aSurcos del pop /
_cManolo Bellón.
260 _aBuenos Aires :
_bAguilar,
_c2011.
300 _a153 p., [16] p. de láminas :
_bil. ;
_c25 cm.
600 _2medios visuales
650 1 4 _aMúsicos de pop
_x Crítica e interpretación.
_9248
650 1 4 _aMúsica pop
_x Historia y crítica.
_9247
942 _2ddc
_cBK
999 _c2395
_d2395